000 00488nam a2200157 i 4500
001 60431
003 ES-MaACL
005 20230906164230.0
007 t|
008 031104s1969 sp ||||1| spa d
100 1 _aEscudero, Gerardo.
_947683
245 1 0 _aNuevas normas sobre formación de los religiosos
_b: (suplemento al Derecho de los religiosos) /
_cGerardo Escudero.
260 _aMadrid :
_bCoculsa,
_c[1969]
300 _a68 p. ;
_c23 cm.
852 _aES-MaACL
_jC-46636
_bR.69674
999 _c60431
_d60431